Video Games by Their Highest Point - Statistics

General Stats
  • This quiz has been taken 14 times
  • The average score is 3 of 15
Answer Stats
The Highest Point Game % Correct
Mount Chiliad Grand Theft Auto 5
75%
Paris Notre Dame Assassin's Creed: Unity
42%
Death mountain Legend of Zelda: Breath of the Wild
42%
Mount Taygetos Assassin's Creed: Odyssey
25%
Hajura'Amako Hatama Far Cry 4
25%
Raptor Peak Far Cry 5
25%
Manstone Rock Assassin's Creed: Valhalla
17%
Mount Hodgson Ghost Recon: Breakpoint
17%
Rotterdam Tower Grand Theft Auto IV
17%
Astral Clocktower Bloodborne
8%
Archdragon Peak Dark Souls 3
8%
The Flame Peak Elden Ring
8%
Gran Caldera volcano Forza Horizon 5
8%
Mount Hagen Red Dead Redemption 2
8%
VNC Tower Dying Light 2
0%
No matching quizzes found
Score Distribution
Percent of People with Each Score
Percentile by Number Answered
Your Score History
You have not taken this quiz